| 000 | 01370nam a22003137a 4500 | ||
|---|---|---|---|
| 003 | DO-SdBNP | ||
| 005 | 20240530073925.0 | ||
| 007 | ta | ||
| 008 | 210722 2020 dr 00| 0 eng d | ||
| 020 | _a9789945613735 | ||
| 040 |
_aDO-SdBNP _bspa _cBNPHU |
||
| 082 | 4 |
_aRD863.3 _bB598n, 2020 _222 |
|
| 100 | 1 |
_aBillini, Francisco Gregorio, _d1844-1898 _qBillini Aristi, Francisco Gregorio _979359 |
|
| 245 | 1 | 0 |
_aBaní o engracia y antoñita : _bnovela (de acuerdo con la última versión dejada por el autor) / _cFrancisco Gregorio Billini ; cuidado de la edición y corrección : Andrés Blanco Díaz ; diagramación y diseño de cubierta : Juan Francisco Domínguez Novas. |
| 260 |
_aSanto Domingo : _bArchivo General de la Nación, _c2020. |
||
| 300 |
_a334 p. ; _c23 cm. |
||
| 490 | 1 | _aArchivo General de la Nación | |
| 490 | 1 |
_aJuvenil ; _v15 |
|
| 500 | _aIncluye datos biográficos del autor en las solapas | ||
| 505 | _aDe esta edición -- Prólogo. Carta al autor y rectificación de Herminia -- Apéndice. Baní al natural. | ||
| 590 | _aInventariado, 2021 /LP | ||
| 650 | 0 |
_aNovela dominicana _9223 |
|
| 650 | 0 |
_aLiteratura dominicana _981030 |
|
| 700 | 1 |
_aBlanco Díaz, Andrés _eed. _9172 |
|
| 830 | 0 |
_aArchivo General de la Nación ; _979360 |
|
| 830 | 0 |
_aJuvenil _p15 _981313 |
|
| 910 | _aLopérez/Validado. Control de calidad MFF | ||
| 942 |
_2ddc _cLBS1 |
||
| 999 |
_c50164 _d50164 |
||